Industrial power systems protect (Record no. 31090)

MARC details
000 -LEADER
fixed length control field 00447nam a2200169Ia 4500
020 ## - INTERNATIONAL STANDARD BOOK NUMBER
ISBN 9781973316923
050 ## - CALL MARK
Classification number TK 4035.F3 .M35/
100 ## - STATEMENT OF RESPONSIBILITY--MAIN AUTHOR NAME
Personal name Maity, Kamal
245 #0 - TITLE STATEMENT
Title Industrial power systems protect
260 ## - PUBLICATION, DISTRIBUTION, ETC. (IMPRINT)
Name of publisher Independently Published
260 ## - PUBLICATION, DISTRIBUTION, ETC. (IMPRINT)
Year of publication 2022
300 ## - PHYSICAL DESCRIPTION
Number of Pages 231 p
650 ## - SUBJECT ADDED ENTRY--TOPICAL TERM
Topical Term Factories--Power supply. Electric power systems.
942 ## - ADDED ENTRY ELEMENTS (KOHA)
Koha item type Books
Holdings
Withdrawn status Lost status Source of classification or shelving scheme Damaged status Not for loan Permanent Location Current Location Shelving location Date acquired Accession Number Price effective from Koha item type
    Library of Congress Classification     NILE UNIVERSITY OF NIGERIA - MAIN LIBRARY NILE UNIVERSITY OF NIGERIA - MAIN LIBRARY Items on shelf 04/23/2025 0195356 04/23/2025 Books